000 00399nam a2200145Ia 4500
008 231129s9999||||xx |||||||||||||| ||spa||
020 _a84-03-27997-3 (obra
040 _bspa
082 _aR 803 S132e
100 _aSainz de Robles Federico Carlos
245 0 _aEnsayo de un diccionario de la literatura
260 _c197
264 _aAguilar
942 _2ddc
_cBKS
999 _c13104
_d13104